000 00733nam0a22002651 4500
001 rc\872796
005 20250622024636.0
035 _a(NLR Aleph) 006051086
090 _a4806743
_c4806743
100 _a20041129d1983 |||y0rusy50 ca
101 0 _arus
102 _aRU
105 _ay |||||||||
200 1 _aОтчет о командировке в Швецию
210 _aМ.
_cВИНИТИ
_d1983
215 _a12 с.
_d22
300 _aВ надзаг.: АН СССР, ВИНИТИ
320 _aБиблиогр.: с. 10-11
333 _aДСП. Экз. № 6
700 1 _aТрошина
_bА.Н.
801 0 _aRU
_bNLR
_gpsbo
801 1 _aRU
_bELAR
_2rusmarc
852 _aNLR
_j83-50К/4750
942 _cBOOK
980 _aNB